Návrh rekonštrukcie cementobetónovej vozovky I/65 Turčianske Teplice - Príbovce

Salvato in:
Dettagli Bibliografici
Autore principale: Brčák, Lukáš (Autore)
Altri autori: Zuzulová, Andrea (Relatore della tesi)
Natura: Manoscritto Libro
Lingua:slovacco
Pubblicazione: 2016
Soggetti:
Accesso online:http://is.stuba.sk/zp/portal_zp.pl?podrobnosti=128691
https://opac.crzp.sk/?fn=detailBiblioForm&sid=41728D440EB1EF629015128922FE
Tags: Aggiungi Tag
Nessun Tag, puoi essere il primo ad aggiungerne!!

MARC

LEADER 00000ntm a22000003a 4500
001 stuzp58181
003 SK-STU
005 20230823113805.1
007 ta
008 150427s2015----xo-----f-mn---000-0-slo-d
040 |a STU  |b slo 
041 0 |a slo 
100 1 |a Brčák, Lukáš  |u 010120  |4 aut  |U SvF Stavebná fakulta  |T SvF Katedra dopravných stavieb  |X 66811  |U V120  |Y 12  |7 A000066811 
242 0 1 |a The structural design Concrete pavements I / 65 Turčianske Teplice - Príbovce  |y eng 
245 1 0 |a Návrh rekonštrukcie cementobetónovej vozovky I/65 Turčianske Teplice - Príbovce 
260 |c 2016 
650 4 |a vizuálna prehliadka  |2 slo 
650 4 |a prevádzková spôsobilosť  |2 slo 
650 4 |a rekonštrukcia  |2 slo 
650 4 |a reconstruction of the road  |2 eng 
650 4 |a visual inspection  |2 eng 
650 4 |a the operational capability  |2 eng 
700 1 |a Zuzulová, Andrea  |u 010120  |k Z1  |4 ths  |U SvF Stavebná fakulta  |T SvF Katedra dopravných stavieb  |X 921  |U V120  |Y 12  |7 A000000921 
856 4 |u http://is.stuba.sk/zp/portal_zp.pl?podrobnosti=128691 
856 4 |u https://opac.crzp.sk/?fn=detailBiblioForm&sid=41728D440EB1EF629015128922FE 
SQL |a stuzp58181  |b DDP  |c SLO  |d Návrh rekonštrukcie cementobetónovej vozovky I/65 Turčianske Teplice - Príbovce  |e 66811  |f Brčák, Lukáš  |g 010120  |h 921  |i Zuzulová, Andrea  |j 20160615  |k 945  |l 01  |m http://is.stuba.sk/zp/portal_zp.pl?podrobnosti=128691  |n I-NKS  |o 5.1.5. inžinierske konštrukcie a dopravné stavby